[Event "OP-2014-0-03502"]
[Site "LSS email"]
[Date "2014.09.19"]
[Round "?"]
[White "Lebduska, Daniel"]
[Black "Puzanov, Vasily"]
[Result "1-0"]
[WhiteElo "571"]
[BlackElo "1297"]
[PlyCount "23"]
[EventDate "2014.09.10"]
[EventType "tourn (corr)"]
[EventRounds "4"]
[EventCountry "GER"]
[SourceTitle "Corr 2015"]
[Source "ChessBase"]
[SourceDate "2015.07.17"]
[SourceVersion "1"]
[SourceVersionDate "2015.07.17"]
[SourceQuality "1"]

1. e4 e5 2. Nf3 Nc6 3. Bc4 Nf6 4. Ng5 d5 5. exd5 Na5 6. Bb5+ c6 7. dxc6 bxc6 8. Ba4 h6 9. Nf3 e4 10. Nd4 Qxd4 11. Nc3 Ba6 12. b4 1-0

[Event "RD-2014-0-00107"]
[Site "LSS email"]
[Date "2014.09.17"]
[Round "?"]
[White "Puzanov, Vasily"]
[Black "Laffont, Jose Eduardo Alfred"]
[Result "0-1"]
[WhiteElo "1402"]
[BlackElo "1626"]
[PlyCount "26"]
[EventDate "2014.05.16"]
[EventType "tourn (corr)"]
[EventRounds "6"]
[EventCountry "GER"]
[SourceTitle "Corr 2015"]
[Source "ChessBase"]
[SourceDate "2015.07.17"]
[SourceVersion "1"]
[SourceVersionDate "2015.07.17"]
[SourceQuality "1"]

1. e4 e5 2. Nc3 Nf6 3. f4 d5 4. fxe5 Nxe4 5. Nxe4 dxe4 6. g3 Nc6 7. Bg2 Bf5 8. Ne2 Bc5 9. Nc3 Qd4 10. Rf1 Qxe5 11. Qe2 Bg6 12. d3 Nd4 13. Bf4 Qe6 0-1

[Event "OP-2014-0-03470"]
[Site "LSS email"]
[Date "2014.08.15"]
[Round "?"]
[White "Puzanov, Vasily"]
[Black "Dlugolecki, Grzegorz"]
[Result "0-1"]
[WhiteElo "1402"]
[BlackElo "1530"]
[PlyCount "28"]
[EventDate "2014.08.11"]
[EventType "tourn (corr)"]
[EventRounds "4"]
[EventCountry "GER"]
[SourceTitle "Corr 2015"]
[Source "ChessBase"]
[SourceDate "2015.07.17"]
[SourceVersion "1"]
[SourceVersionDate "2015.07.17"]
[SourceQuality "1"]

1. e4 e5 2. f4 exf4 3. Nf3 d6 4. d4 g5 5. Be2 g4 6. Nfd2 Qh4+ 7. Kf1 f3 8. gxf3 g3 9. h3 g2+ 10. Kxg2 Nf6 11. Rh2 Rg8+ 12. Kh1 Nh5 13. Nf1 Bxh3 14. Be3 Bg2+ 0-1

[Event "SB-2014-0-00361"]
[Site "LSS email"]
[Date "2014.04.09"]
[Round "?"]
[White "Kolanek, Roman"]
[Black "Puzanov, Vasily"]
[Result "1-0"]
[WhiteElo "1916"]
[BlackElo "1402"]
[PlyCount "21"]
[EventDate "2014.03.17"]
[EventType "tourn (corr)"]
[EventRounds "6"]
[EventCountry "GER"]
[SourceTitle "Corr 2015"]
[Source "ChessBase"]
[SourceDate "2015.07.17"]
[SourceVersion "1"]
[SourceVersionDate "2015.07.17"]
[SourceQuality "1"]

1. e4 e5 2. Nf3 Nc6 3. Bb5 Bc5 4. 0-0 Nge7 5. c3 a6 6. Bxc6 Nxc6 7. d4 exd4 8. cxd4 Ba7 9. d5 Ne7 10. d6 cxd6 11. Nc3 1-0

[Event "SB-2014-0-00361"]
[Site "LSS email"]
[Date "2014.04.09"]
[Round "?"]
[White "Puzanov, Vasily"]
[Black "Hoehne, Volkmar"]
[Result "0-1"]
[WhiteElo "1402"]
[BlackElo "1832"]
[PlyCount "30"]
[EventDate "2014.03.17"]
[EventType "tourn (corr)"]
[EventRounds "6"]
[EventCountry "GER"]
[SourceTitle "Corr 2015"]
[Source "ChessBase"]
[SourceDate "2015.07.17"]
[SourceVersion "1"]
[SourceVersionDate "2015.07.17"]
[SourceQuality "1"]

1. e4 e5 2. Nf3 Nc6 3. Bb5 a6 4. Ba4 Nf6 5. Nc3 b5 6. Bb3 Be7 7. 0-0 d6 8. d4 Nxd4 9. Nxd4 exd4 10. Qxd4 c5 11. Qd3 c4 12. Bxc4 bxc4 13. Qxc4 0-0 14. Qd3 Be6 15. Rd1 Qc7 0-1

[Event "RB-2014-0-00244"]
[Site "LSS email"]
[Date "2014.04.07"]
[Round "?"]
[White "Eichner, Dieter"]
[Black "Puzanov, Vasily"]
[Result "1-0"]
[WhiteElo "1960"]
[BlackElo "1402"]
[PlyCount "33"]
[EventDate "2014.02.05"]
[EventType "tourn (corr)"]
[EventRounds "6"]
[EventCountry "GER"]
[SourceTitle "Corr 2015"]
[Source "ChessBase"]
[SourceDate "2015.07.17"]
[SourceVersion "1"]
[SourceVersionDate "2015.07.17"]
[SourceQuality "1"]

1. d4 d5 2. c4 e6 3. Nf3 Nf6 4. Nc3 c5 5. cxd5 exd5 6. Bg5 Be6 7. Rc1 Nc6 8. e3 cxd4 9. Nxd4 Be7 10. Bd3 h6 11. Nxe6 fxe6 12. Bg6+ Kf8 13. Bh4 Qb6 14. 0-0 Ne5 15. Bc2 Rc8 16. Bg3 Nc4 17. Bg6 1-0

[Event "RB-2014-0-00244"]
[Site "LSS email"]
[Date "2014.04.07"]
[Round "?"]
[White "Pavlicek, Miroslav"]
[Black "Puzanov, Vasily"]
[Result "0-1"]
[WhiteElo "1553"]
[BlackElo "1402"]
[PlyCount "27"]
[EventDate "2014.02.05"]
[EventType "tourn (corr)"]
[EventRounds "6"]
[EventCountry "GER"]
[SourceTitle "Corr 2015"]
[Source "ChessBase"]
[SourceDate "2015.07.17"]
[SourceVersion "1"]
[SourceVersionDate "2015.07.17"]
[SourceQuality "1"]

1. d4 d5 2. c4 e6 3. Nf3 Nf6 4. Bg5 Be7 5. e3 c6 6. Nbd2 0-0 7. Rc1 Nbd7 8. Bd3 h6 9. Bh4 b6 10. cxd5 cxd5 11. Bg3 Nh5 12. Bc7 Qe8 13. Bb5 f5 14. Bc6 0-1

[Event "RB-2013-0-00203"]
[Site "LSS email"]
[Date "2013.01.30"]
[Round "?"]
[White "Puzanov, Vasily"]
[Black "Willmann, Bernd"]
[Result "0-1"]
[WhiteElo "1880"]
[BlackElo "1850"]
[PlyCount "42"]
[EventDate "2013.01.01"]
[EventType "tourn (corr)"]
[EventRounds "6"]
[EventCountry "GER"]
[SourceTitle "Telechess CBM 159"]
[Source "ChessBase"]
[SourceDate "2014.03.17"]
[SourceVersion "1"]
[SourceVersionDate "2014.03.17"]
[SourceQuality "1"]

1. e4 c6 2. d4 d5 3. e5 Bf5 4. Nf3 e6 5. Be2 Nd7 6. 0-0 Ne7 7. Bg5 h6 8. Bxe7 Bxe7 9. Nbd2 a5 10. a3 Qb6 11. Qc1 c5 12. dxc5 Nxc5 13. Nd4 0-0 14. Nxf5 exf5 15. Nf3 Ne4 16. Rb1 g5 17. Nd2 Bc5 18. Nxe4 dxe4 19. c3 Qe6 20. b4 axb4 21. axb4 Bb6 0-1

[Event "RB-2013-0-00203"]
[Site "LSS email"]
[Date "2013.01.29"]
[Round "?"]
[White "Lenz, Juergen"]
[Black "Puzanov, Vasily"]
[Result "1-0"]
[WhiteElo "1169"]
[BlackElo "1880"]
[PlyCount "57"]
[EventDate "2013.01.01"]
[EventType "tourn (corr)"]
[EventRounds "6"]
[EventCountry "GER"]
[SourceTitle "Telechess CBM 159"]
[Source "ChessBase"]
[SourceDate "2014.03.17"]
[SourceVersion "1"]
[SourceVersionDate "2014.03.17"]
[SourceQuality "1"]
[WhiteTeam "IWEC (Canada)"]

1. d4 d5 2. Nf3 Nf6 3. Bf4 Bf5 4. e3 e6 5. Bd3 Bg6 6. Ne5 Bd6 7. Bg3 Nbd7 8. f4 Qe7 9. Bh4 Bxe5 10. fxe5 Qb4+ 11. Nd2 Ne4 12. Rb1 Nxd2 13. Qxd2 Qb6 14. c3 f6 15. exf6 Nxf6 16. Bxf6 gxf6 17. 0-0 Ke7 18. Rf2 c5 19. Rbf1 Rhf8 20. Bxg6 hxg6 21. Qc2 f5 22. Rf3 Rac8 23. Qf2 Rh8 24. Qg3 Qxb2 25. Qe5 Rhf8 26. Rg3 Rf6 27. e4 dxe4 28. d5 Qd2 29. dxe6 1-0

[Event "OP-2012-0-02481"]
[Site "LSS email"]
[Date "2012.11.04"]
[Round "?"]
[White "Hammerschmidt, Volker"]
[Black "Puzanov, Vasily"]
[Result "1/2-1/2"]
[WhiteElo "1877"]
[BlackElo "1880"]
[PlyCount "36"]
[EventDate "2012.11.01"]
[EventType "tourn (corr)"]
[EventRounds "4"]
[EventCountry "GER"]
[SourceTitle "Corr 2015"]
[Source "ChessBase"]
[SourceDate "2015.07.17"]
[SourceVersion "1"]
[SourceVersionDate "2015.07.17"]
[SourceQuality "1"]

1. e4 c5 2. Nf3 d6 3. d4 cxd4 4. Nxd4 Nf6 5. Nc3 a6 6. Be2 e5 7. Nb3 Be7 8. 0-0 Nc6 9. Be3 0-0 10. a4 Be6 11. Qd2 d5 12. exd5 Nxd5 13. Nxd5 Qxd5 14. Qxd5 Bxd5 15. Rfd1 Be4 16. Rac1 Rfd8 17. Nd2 Bf5 18. c3 Bd3 1/2-1/2

[Event "SM-2012-0-00225"]
[Site "LSS email"]
[Date "2012.11.04"]
[Round "?"]
[White "Khlopov, Sergej"]
[Black "Puzanov, Vasily"]
[Result "1-0"]
[WhiteElo "2129"]
[BlackElo "1868"]
[PlyCount "51"]
[EventDate "2012.10.19"]
[EventType "tourn (corr)"]
[EventRounds "6"]
[EventCountry "GER"]
[SourceTitle "Telechess CBM 163"]
[Source "ChessBase"]
[SourceDate "2014.11.11"]
[SourceVersion "2"]
[SourceVersionDate "2014.11.11"]
[SourceQuality "1"]

1. e4 c5 2. Nf3 d6 3. d4 cxd4 4. Nxd4 Nf6 5. Nc3 a6 6. Bg5 e5 7. Bxf6 Qxf6 8. Nd5 Qd8 9. Nf5 Bxf5 10. exf5 Be7 11. Bc4 Bf6 12. c3 0-0 13. 0-0 Nd7 14. Qe2 Nb6 15. Bb3 Nxd5 16. Bxd5 Qd7 17. Qe4 Rab8 18. a4 Rfc8 19. Ra3 Qc7 20. a5 b6 21. axb6 Qxb6 22. b4 Rc7 23. Rfa1 Qb5 24. Ra5 Qb6 25. Rxa6 Qb5 26. Bc6 1-0

[Event "OP-2012-0-02481"]
[Site "LSS email"]
[Date "2012.11.04"]
[Round "?"]
[White "Puzanov, Vasily"]
[Black "Chernov, Andrey"]
[Result "1-0"]
[WhiteElo "1880"]
[BlackElo "1018"]
[PlyCount "31"]
[EventDate "2012.11.01"]
[EventType "tourn (corr)"]
[EventRounds "4"]
[EventCountry "GER"]
[SourceTitle "Corr 2015"]
[Source "ChessBase"]
[SourceDate "2015.07.17"]
[SourceVersion "1"]
[SourceVersionDate "2015.07.17"]
[SourceQuality "1"]

1. d4 d5 2. c4 dxc4 3. e4 e5 4. Nf3 exd4 5. Nxd4 Bc5 6. Be3 Nf6 7. Nc3 0-0 8. Bxc4 Ng4 9. 0-0 Qe7 10. Rc1 c6 11. Be2 Nxe3 12. fxe3 g6 13. Qe1 Bd6 14. Qd2 Nd7 15. Rcd1 Bc7 16. Bg4 1-0

[Event "SM-2012-0-00225"]
[Site "LSS email"]
[Date "2012.11.04"]
[Round "?"]
[White "Puzanov, Vasily"]
[Black "Steinke, Ruediger"]
[Result "0-1"]
[WhiteElo "1868"]
[BlackElo "2213"]
[PlyCount "34"]
[EventDate "2012.10.19"]
[EventType "tourn (corr)"]
[EventRounds "6"]
[EventCountry "GER"]
[SourceTitle "Corr 2015"]
[Source "ChessBase"]
[SourceDate "2015.07.17"]
[SourceVersion "1"]
[SourceVersionDate "2015.07.17"]
[SourceQuality "1"]

1. d4 d5 2. c4 c6 3. cxd5 cxd5 4. Nc3 Nf6 5. Nf3 Nc6 6. Bf4 a6 7. e3 Bg4 8. Be2 e6 9. h3 Bxf3 10. Bxf3 Bd6 11. Bxd6 Qxd6 12. 0-0 0-0 13. a3 Rac8 14. Rc1 Na5 15. Na4 Nc4 16. Qc2 Rc6 17. Nc5 Qe7 0-1

[Event "SM-2012-0-00209"]
[Site "LSS email"]
[Date "2012.08.01"]
[Round "?"]
[White "Janosi, Ervin"]
[Black "Puzanov, Vasily"]
[Result "1-0"]
[WhiteElo "2149"]
[BlackElo "2220"]
[PlyCount "31"]
[EventDate "2012.06.19"]
[EventType "tourn (corr)"]
[EventRounds "6"]
[EventCountry "GER"]
[SourceTitle "Corr 2015"]
[Source "ChessBase"]
[SourceDate "2015.07.17"]
[SourceVersion "1"]
[SourceVersionDate "2015.07.17"]
[SourceQuality "1"]

1. b3 e5 2. Bb2 Nc6 3. e3 Nf6 4. c4 d5 5. cxd5 Nxd5 6. a3 Be6 7. Nf3 Bd6 8. Qc2 0-0 9. Bc4 Qd7 10. Ng5 g6 11. Nc3 Nxc3 12. Nxe6 fxe6 13. Bxc3 Ne7 14. Qe4 b5 15. Be2 Nc6 16. Bxb5 1-0

[Event "OP-2012-0-02328"]
[Site "LSS email"]
[Date "2012.07.31"]
[Round "?"]
[White "Puzanov, Vasily"]
[Black "Verich, Oleg"]
[Result "1-0"]
[WhiteElo "2220"]
[BlackElo "1046"]
[PlyCount "51"]
[EventDate "2012.07.29"]
[EventType "tourn (corr)"]
[EventRounds "4"]
[EventCountry "GER"]
[SourceTitle "Telechess CBM 165"]
[Source "ChessBase"]
[SourceDate "2015.03.11"]
[SourceVersion "1"]
[SourceVersionDate "2015.03.11"]
[SourceQuality "1"]

1. e4 Nf6 2. e5 Nd5 3. c4 Nb6 4. d4 d6 5. exd6 exd6 6. Nf3 Bg4 7. h3 Bh5 8. Nc3 Be7 9. Bd3 N8d7 10. 0-0 0-0 11. g4 Bg6 12. a4 Re8 13. Bxg6 fxg6 14. a5 Nc8 15. Re1 Bf6 16. g5 Be7 17. Qb3 c6 18. Qxb7 Rb8 19. Qxc6 Rf8 20. Nd5 Rf5 21. Nxe7+ Nxe7 22. Qxd6 Nc8 23. Qe6+ Kh8 24. Nh4 Rf8 25. Nxg6+ hxg6 26. Re4 1-0